Countries with the Highest Range in Elevation - Statistics

General Stats
  • This quiz has been taken 54 times
  • The average score is 17 of 20
Answer Stats
Range Country % Correct
29,354 ft China
100%
20,591 ft United States
100%
19,551 ft Canada
96%
28,177 ft India
96%
28,835 ft Nepal
96%
22,615 ft Chile
92%
28,251 ft Pakistan
92%
18,602 ft Russia
92%
22,316 ft Peru
88%
23,179 ft Argentina
84%
24,518 ft Bhutan
84%
18,799 ft Colombia
84%
23,724 ft Afghanistan
82%
22,979 ft Kyrgyzstan
82%
23,606 ft Tajikistan
80%
20,561 ft Ecuador
78%
23,432 ft Kazakhstan
78%
21,168 ft Bolivia
75%
19,295 ft Myanmar
61%
19,331 ft Tanzania
61%
No matching quizzes found
Score Distribution
Percent of People with Each Score
Percentile by Number Answered
Your Score History
You have not taken this quiz